[Event "Minneapolis Knighter"]
[Site "Minneapolis"]
[Date "2012.04.25"]
[Round "1"]
[White "Feshir, Medhat"]
[Black "Hoover, Nathan"]
[Result "0-1"]
[WhiteElo "2174"]
[BlackElo "2123"]
[PlyCount "56"]
[EventDate "2012.04.25"]
[EventType "tourn"]
[EventRounds "9"]
[EventCountry "USA"]
[SourceTitle "EXT 2013"]
[Source "ChessBase"]
[SourceDate "2012.11.22"]
[SourceVersion "1"]
[SourceVersionDate "2012.11.22"]
[SourceQuality "1"]

1. Nf3 Nf6 2. d3 d5 3. g3 c5 4. Bg2 Nc6 5. 0-0 e5 6. e4 d4 7. Nbd2 Be7 8. Nc4 Qc7 9. a4 0-0 10. Nh4 Ne8 11. Nf5 Be6 12. f4 f6 13. Bd2 b6 14. Qh5 Kh8 15. Nxe7 Qxe7 16. fxe5 Bxc4 17. dxc4 Nxe5 18. b3 a5 19. Rf4 Nd6 20. Raf1 Rae8 21. Rh4 g5 22. Rh3 Qg7 23. g4 Ng6 24. Kh1 Re5 25. Rf5 Nxf5 26. gxf5 Nh4 27. Qg4 Nxg2 28. Qxg2 Qb7 0-1